LEADER 01393nam a2200337 i 4500 001 991003460899707536 005 20021217151316.0 008 001127s1997 uk a b 001 0 eng d 020 $a0412579804 035 $ab11813349-39ule_inst 035 $aLE00301047$9ExL 040 $aDip.to Biologia$beng 082 0 $a577.68$222 100 1 $aPackham, John R.$0305893 245 10$aEcology of dunes, salt marsh, and shingle /$cJ. R. Packham and A. J. Willis 250 $a1st ed. 260 3 $aLondon ; New York :$bChapman and Hall,$c1997 300 $axiv, 335 p. :$bill., maps ;$c25 cm 500 $aIncludes bibliographical references (p. [297]-321) and index 500 $aDiscusses coastal sand dune, shingle beach, and salt marsh ecosystems, communities based upon relatively unconsolidated granular deposits which frequently rest upon solid rock or, much more rarely, on peat 650 0$aCoastal ecology 650 0$aSalt marsh ecology 650 0$aSand dune ecology 650 0$aSeashore ecology 700 1 $aWillis, A. J. 907 $a.b11813349$b07-09-11$c18-12-02 912 $a991003460899707536 945 $aLE003 577.6 PAK01.01 (1997)$g1$i2003000018325$lle003$o-$pE0.00$q-$rl$s- $t0$u1$v22$w1$x0$y.i12062297$z18-12-02 996 $aEcology of dunes, salt marsh, and shingle$9899088 997 $aUNISALENTO 998 $ale003$b01-01-00$cm$da $e-$feng$guk $h0$i1 LEADER 02962nam 22006135 450 001 9910917780203321 005 20241218003928.0 010 $a9783031730986 010 $a3031730984 024 7 $a10.1007/978-3-031-73098-6 035 $a(MiAaPQ)EBC31836025 035 $a(Au-PeEL)EBL31836025 035 $a(CKB)37011155400041 035 $a(DE-He213)978-3-031-73098-6 035 $a(EXLCZ)9937011155400041 100 $a20241213d2024 u| 0 101 0 $aeng 135 $aurcnu|||||||| 181 $ctxt$2rdacontent 182 $cc$2rdamedia 183 $acr$2rdacarrier 200 10$aIntroduction to Embedded Systems and Robotics $eA Practical Guide /$fby Nayan M. Kakoty, Rupam Goswami, Ramana Vinjamuri 205 $a1st ed. 2024. 210 1$aCham :$cSpringer Nature Switzerland :$cImprint: Springer,$d2024. 215 $a1 online resource (127 pages) 311 08$a9783031730979 311 08$a3031730976 327 $aChapter 1- Introduction to Embedded Systems -- Chapter 2 - Introduction to Robotics -- Chapter 3 - Sensors, Actuators and Circuits in Robotics -- Chapter 4 - Microcontrollers in Robotics -- Chapter 5 - Spatial Descriptions: Frames and Transformations -- Chapter 6 - Kinematics and Dynamics -- Chapter 7 - Control Systems in Robotics -- Chapter 8 - Academic Projects and Tools in Robotics. 330 $aThis book is a technical guide to fundamentals of embedded systems and robotics, and their application to practical problems. The book hosts the concepts of different elements related to the amalgamation of embedded system and robotics before tackling the physics of robotic systems. This book is the ABC of embedded system and robotics: A for acquiring the concepts, B for building robotic systems, and C for creating solutions. It is appropriate for undergraduate and post-graduate students of electronics and electrical engineering, robotics engineering, computer science and engineering, mechanical engineering, and allied disciplines. Specifically, it will act as a guide for students doing robotics projects in their final semesters. 606 $aBiomedical engineering 606 $aRobotics 606 $aEmbedded computer systems 606 $aBiomedical Devices and Instrumentation 606 $aRobotic Engineering 606 $aEmbedded Systems 606 $aRobotics 615 0$aBiomedical engineering. 615 0$aRobotics. 615 0$aEmbedded computer systems. 615 14$aBiomedical Devices and Instrumentation. 615 24$aRobotic Engineering. 615 24$aEmbedded Systems. 615 24$aRobotics. 676 $a610.28 700 $aKakoty$b Nayan M$01779965 701 $aGoswami$b Rupam$01779966 701 $aVinjamuri$b Ramana$01311908 801 0$bMiAaPQ 801 1$bMiAaPQ 801 2$bMiAaPQ 906 $aBOOK 912 $a9910917780203321 996 $aIntroduction to Embedded Systems and Robotics$94303633 997 $aUNINA